| 000 | 00440cam a2200181ua 4500 | ||
|---|---|---|---|
| 020 | _c5.00 | ||
| 041 |
_ahin _h |
||
| 082 |
_a891.54 _bHAZ/KA |
||
| 100 | _aHazari prasad divedi, . | ||
| 245 |
_aKabir / _cHazari prasad divedi. _hTextual Documents |
||
| 250 |
_a6 / _b. |
||
| 260 |
_aBombay : _bHindi grant ratnakarpvt. ltd , _c1960. |
||
| 300 | _a370 ; . | ||
| 365 | _a5.00 | ||
| 504 | _a | ||
| 942 | _cBK | ||
| 999 |
_c4078 _d4078 |
||